000 00783nam a2200229Ia 4500
003 OSt
005 20260113093939.0
008 210716s2018 xx 000 0 und d
020 _a9781786462985
040 _cAIMIT LIBRARY
041 _aeng
082 _a621.399
_bPALC
100 _aPalmer, CharLES.
_9250993
245 _aVirtual reality blueprints:
_bcreate compelling VR experiences for mobile and desktop /
_cBy Charles Palmer and John Williamson.
250 _a1
260 _aMumbai
_bPackt Publishing Ltd
_c2018
300 _avi,234 p.;
_bPB
_c24.5 cm.
650 _aBuilding a solar system for google cardboard
_9250994
650 _aCarnival midway games
_9250995
650 _aBuilding an image gallery system for the gear
_9250996
942 _2ddc
_cBK
_k621.399 PALC
999 _c196774
_d196774